This, That, and the Other Quiz Stats

 Plays Quiz Updated Nov 13, 2018

Support Sporcle.
Go Orange.
Score 0/30 Timer 08:00
1 Play Today
Clue Answer % Correct
Porky pig's famous signoffThat's all folks
92.8%
Why the chicken crossed the roadTo get to the other side
86%
When the moon hits your eye like a big pizza pieThat’s Amore
75%
Sitcom starring Ashton KutcherThat '70s Show
69.5%
Hit MC Hammer songU Can’t Touch This
69.5%
Boyfriend or girlfriendSignificant other
67.1%
He played knick-nack on my thumbThis Old Man
58.9%
Pork advertising sloganThe other white meat
52.7%
Line from 300 that spawned Internet memeThis is Sparta!
52.4%
Disney Channel show featuring psychic teenagerThat’s So Raven
47.7%
Backstreet Boys SingleI Want it That Way
47.2%
Nicole Kidman filmThe Others
46.9%
PBS home improvement showThis Old House
46%
Robert DeNiro and Billy Crystal filmAnalyze This
40.4%
1984 Rob Reiner 'Rockumentary'This Is Spinal Tap
33%
Clue Answer % Correct
Christian idiom about forgivenessTurn the other cheek
29.1%
Patriotic song by Woodie GuthrieThis Land is Your Land
25.3%
Hayley Mills film with catThat Darn Cat!
20%
Bob Fosse 1979 musicalAll That Jazz
18.7%
Ira Glass radio showThis American Life
10.9%
Philippa Gregory book adapted for filmThe Other Boleyn Girl
10.3%
Madonna filmWho's That Girl
9.5%
1890 photo expose of povertyHow the Other Half Lives
4.6%
1960s BBC Comedy program with David FrostThat Was the Week That Was
3.8%
1962 Ray Bradbury novelSomething Wicked This Way Comes
3.5%
Famous line from No ExitHell is other people
3.2%
1991 Danny DeVito movieOther People's Money
3.2%
The Treachery of Images caption (Translated)This is not a pipe
1.9%
Truman Capote novelOther Voices, Other Rooms
1.1%
DJ Spooky or character from William S. Burroughs' novel Nova ExpressThat Subliminal Kid
0.4%

From the Vault

3 Food Threesomes

by sproutcm

Asking for the 3 ingredients in a BLT would probably be a bit too easy.
Remove Ads.
Support Sporcle.
Get the best of Sporcle when you Go Orange. This ad-free experience offers more features, more stats, and more fun while also helping to support Sporcle. Thank you for becoming a member.

Show Comments

Extras

Top Quizzes Today


Score Distribution

Your Account Isn't Verified!

In order to create a playlist on Sporcle, you need to verify the email address you used during registration. Go to your Sporcle Settings to finish the process.

Report this User

Report this user for behavior that violates our Community Guidelines.

Details: